[Event "DEM U12/U12w 2006"]
[Site "Willingen GER"]
[Date "2006.06.09"]
[Round "10"]
[White "Weber, Max"]
[Black "Rosenkranz, Christian"]
[Result "0-1"]
[Termination "normal"]
[Board "25"]
[WhiteElo "1333"]
[BlackElo "1495"]
[PlyCount "76"]
[WhiteFideId "4624831"]
[BlackFideId "24674494"]
[EventCountry "GER"]
[EventRounds "11"]
[EventType "swiss"]
[EventDate "2006.06.03"]

1. e4 d5 2. exd5 Qxd5 3. Nc3 Qd6 4. d4 Nf6 5. Bc4 a6 6. Nf3 b5 7. Bb3 Bb7 8.
O-O e6 9. Bg5 Be7 10. Ne2 Bxf3 11. gxf3 h6 12. Bf4 Qc6 13. Ng3 g5 14. Be5 Nbd7
15. Bxf6 Nxf6 16. c3 h5 17. Bc2 h4 18. Ne4 Nd5 19. Bb3 f5 20. c4 fxe4 21. cxd5
exd5 22. fxe4 dxe4 23. Rc1 Qd7 24. Re1 O-O-O 25. Rxe4 Kb8 26. d5 Bd6 27. a3 Qh3
28. f3 Bxh2+ 29. Kf2 Bg3+ 30. Ke2 Rhe8 31. Rxe8 Rxe8+ 32. Kd3 Qf5+ 33. Kd4 Bf2+
34. Kc3 Re3+ 35. Kb4 Qf8+ 36. Ka5 Kb7 37. Qd2 Rxb3 38. Qxf2 Rxa3+ 0-1

[Event "DEM U12/U12w 2006"]
[Site "Willingen GER"]
[Date "2006.06.09"]
[Round "10"]
[White "Thanabalasingam, Ajandhan"]
[Black "Rafayevych, Vilen"]
[Result "1/2-1/2"]
[Termination "normal"]
[Board "26"]
[WhiteElo "1488"]
[BlackElo "1448"]
[PlyCount "69"]
[WhiteFideId "24601659"]
[BlackFideId "24673897"]
[EventCountry "GER"]
[EventRounds "11"]
[EventType "swiss"]
[EventDate "2006.06.03"]

1. e4 c5 2. d4 cxd4 3. c3 dxc3 4. Nxc3 Nc6 5. Nf3 d6 6. Bc4 Nf6 7. e5 dxe5 8.
Qxd8+ Nxd8 9. Nxe5 e6 10. Nb5 Bb4+ 11. Kf1 O-O 12. Be3 b6 13. a3 Bc5 14. Bg5
Ne4 15. Be3 Bxe3 16. fxe3 Nd2+ 17. Ke2 Nxc4 18. Nxc4 Ba6 19. a4 Nb7 20. b4 Rac8
21. Rac1 Bxb5 22. axb5 Rfd8 23. Ne5 h6 24. Nc6 Rd7 25. Ne7+ Rxe7 26. Rxc8+ Kh7
27. Rd1 Kg6 28. Ra8 Kf6 29. Rxa7 Nd6 30. Rxe7 Kxe7 31. Kd3 Nxb5 32. Kc4 Nd6+
33. Kb3 b5 34. Kc3 e5 35. Ra1 1/2-1/2

[Event "DEM U12/U12w 2006"]
[Site "Willingen GER"]
[Date "2006.06.09"]
[Round "10"]
[White "Orhan, Eda"]
[Black "Stark, Saskia"]
[Result "0-1"]
[Termination "normal"]
[Board "27"]
[WhiteElo "1391"]
[BlackElo "1484"]
[PlyCount "116"]
[WhiteFideId "24659258"]
[BlackFideId "4601050"]
[EventCountry "GER"]
[EventRounds "11"]
[EventType "swiss"]
[EventDate "2006.06.03"]

1. e4 c5 2. Nf3 e6 3. c3 Nc6 4. Bd3 d6 5. O-O Nf6 6. Bc2 Be7 7. Re1 O-O 8. d3
b6 9. Nbd2 Bb7 10. Nf1 Nd7 11. Ng3 Nde5 12. Nxe5 Nxe5 13. f4 Ng6 14. Qg4 Kh8
15. Nh5 f5 16. exf5 exf5 17. Qh3 Qd7 18. Bd2 d5 19. Re2 d4 20. Rae1 Bd5 21. Bb3
Bxb3 22. axb3 Rf7 23. Re6 Nf8 24. R6e5 g6 25. Ng3 Bf6 26. R5e2 dxc3 27. Bxc3
Bxc3 28. bxc3 Qxd3 29. Re3 Qd6 30. Ne2 Re7 31. Rxe7 Qxe7 32. Qd3 Rd8 33. Qc2
Qe3+ 34. Kh1 Rd2 35. Qc1 Rd3 36. Qxe3 Rxe3 37. Kg1 Kg7 38. Kf2 Re7 39. Nc1 Rxe1
40. Kxe1 Ne6 41. Nd3 Kf6 42. g3 h6 43. Ke2 g5 44. Ke3 gxf4+ 45. gxf4 Nc7 46. c4
Ne6 47. b4 a5 48. bxa5 bxa5 49. Nb2 Nd8 50. Na4 Nb7 51. Kd3 Kg6 52. Ke3 Kh5 53.
Kf3 Kh4 54. Kg2 Kg4 55. h3+ Kxf4 56. Kf2 Ke4 57. Ke2 Kd4 58. Nb6 Nd6 0-1

[Event "DEM U12/U12w 2006"]
[Site "Willingen GER"]
[Date "2006.06.09"]
[Round "10"]
[White "Rieping, Heiner"]
[Black "Spangenberg, Romy"]
[Result "0-1"]
[Termination "normal"]
[Board "28"]
[WhiteElo "1591"]
[BlackElo "1344"]
[PlyCount "40"]
[WhiteFideId "24647012"]
[BlackFideId "4627997"]
[EventCountry "GER"]
[EventRounds "11"]
[EventType "swiss"]
[EventDate "2006.06.03"]

1. e4 c5 2. Nf3 e6 3. d4 cxd4 4. Nxd4 Nc6 5. Nc3 Nf6 6. Be3 Bb4 7. f3 d5 8.
exd5 Nxd5 9. Qd2 Nxe3 10. Nxc6 Qxd2+ 11. Kxd2 Nxf1+ 12. Rhxf1 bxc6 13. a3 Bxc3+
14. Kxc3 O-O 15. Rad1 Ba6 16. Rfe1 Rfd8 17. Rc1 Rab8 18. Re5 Rd5 19. Re4 Rc5+
20. Kd4 Rc4+ 0-1

[Event "DEM U12/U12w 2006"]
[Site "Willingen GER"]
[Date "2006.06.09"]
[Round "10"]
[White "Schubert, Torsten"]
[Black "Kusmierek, Kasper"]
[Result "1/2-1/2"]
[Termination "normal"]
[Board "29"]
[WhiteElo "1347"]
[BlackElo "1475"]
[PlyCount "98"]
[EventCountry "GER"]
[EventRounds "11"]
[EventType "swiss"]
[EventDate "2006.06.03"]

1. e4 e6 2. d4 d5 3. e5 c5 4. Nf3 Qb6 5. c3 Nc6 6. a3 Nge7 7. b4 cxd4 8. cxd4
Nf5 9. Be3 Bd7 10. Nc3 Rc8 11. Na4 Qc7 12. Rc1 Qd8 13. Be2 Be7 14. O-O O-O 15.
Nc5 b6 16. Nd3 f6 17. Nf4 fxe5 18. dxe5 Nxe3 19. fxe3 Bg5 20. Qd2 Be7 21. Nd4
Nxd4 22. exd4 Rxc1 23. Qxc1 Bg5 24. g3 Qc8 25. Qb2 Qd8 26. Qc2 Qc8 27. Qb2 Qe8
28. Qc2 Bxf4 29. Rxf4 Rxf4 30. gxf4 Qd8 31. Bd3 h6 32. Qf2 Qe7 33. Qg2 Be8 34.
Bg6 Bxg6 35. Qxg6 Qf7 36. Qg4 g6 37. Qh4 Kg7 38. Kg2 b5 39. Kg3 Qc7 40. Qf6+
Kh7 41. Kg4 Qc2 42. Qf7+ Kh8 43. Qf8+ Kh7 44. Qf7+ Kh8 45. Qf8+ Kh7 46. Qf7+
Kh8 47. Qf8+ Kh7 48. Qf7+ Kh8 49. Qf8+ Kh7 1/2-1/2

[Event "DEM U12/U12w 2006"]
[Site "Willingen GER"]
[Date "2006.06.09"]
[Round "10"]
[White "Zimmerer, Leah"]
[Black "Schätz, Annika"]
[Result "0-1"]
[Termination "normal"]
[Board "30"]
[WhiteElo "1291"]
[BlackElo "1406"]
[PlyCount "132"]
[WhiteFideId "4620240"]
[BlackFideId "24674796"]
[EventCountry "GER"]
[EventRounds "11"]
[EventType "swiss"]
[EventDate "2006.06.03"]

1. e4 c5 2. Nf3 d6 3. d4 cxd4 4. Nxd4 Nf6 5. Nc3 g6 6. f3 Bg7 7. Be3 O-O 8. g4
Nc6 9. Qd2 Nxd4 10. Bxd4 Be6 11. O-O-O Qa5 12. a3 a6 13. Qf2 Nd7 14. Bxg7 Kxg7
15. h4 b5 16. h5 b4 17. Qd4+ Kg8 18. Qxb4 Qc7 19. Qd4 Ne5 20. Qe3 Nd7 21. Qh6
Nf6 22. hxg6 fxg6 23. Be2 Rf7 24. Qd2 Rb8 25. Bxa6 Qb6 26. Bb5 Bd7 27. a4 Bxb5
28. Nxb5 Ra8 29. Nc3 Rb8 30. b3 Qc6 31. Nd5 Nxd5 32. Qxd5 Qxd5 33. Rxd5 Rxf3
34. Rg1 Rc8 35. e5 Rf2 36. c4 Rf3 37. Kb2 Rb8 38. exd6 Rbxb3+ 39. Kc2 Rbc3+ 40.
Kd2 exd6 41. Rxd6 Rxc4 42. Ra6 Ra3 43. a5 Rca4 44. Ke2 Rxa5 45. Rxa5 Rxa5 46.
Kf3 Ra4 47. Rg2 Kg7 48. Rg1 Kf6 49. Rg2 Kg5 50. Rg1 Rf4+ 51. Ke3 Rxg4 52. Ra1
h5 53. Rh1 Kh6 54. Kf3 g5 55. Rh2 Rf4+ 56. Kg3 h4+ 57. Kh3 Kh5 58. Kg2 g4 59.
Rh1 Rf3 60. Ra1 h3+ 61. Kh2 Kh4 62. Ra8 g3+ 63. Kg1 h2+ 64. Kg2 Rf2+ 65. Kh1
Rf1+ 66. Kg2 h1=Q# 0-1

[Event "DEM U12/U12w 2006"]
[Site "Willingen GER"]
[Date "2006.06.09"]
[Round "10"]
[White "Maier, Florian"]
[Black "Schareck, Martin"]
[Result "1/2-1/2"]
[Termination "normal"]
[Board "31"]
[WhiteElo "1404"]
[BlackElo "1294"]
[PlyCount "41"]
[EventCountry "GER"]
[EventRounds "11"]
[EventType "swiss"]
[EventDate "2006.06.03"]

1. d4 d5 2. Nf3 Nf6 3. e3 e6 4. Bd3 Be7 5. Nbd2 O-O 6. Ne5 Nbd7 7. f4 c5 8. c3
Re8 9. O-O c4 10. Bc2 Nf8 11. g4 h6 12. h4 N6d7 13. g5 Nxe5 14. dxe5 g6 15. Nf3
h5 16. Nd4 a6 17. e4 Bc5 18. Be3 b5 19. Qf3 Bb7 20. exd5 Qxd5 21. Bd1 1/2-1/2

[Event "DEM U12/U12w 2006"]
[Site "Willingen GER"]
[Date "2006.06.09"]
[Round "10"]
[White "Kormann, Jewgenija"]
[Black "Alber, Alexander"]
[Result "0-1"]
[Termination "normal"]
[Board "32"]
[WhiteElo "1236"]
[BlackElo "1398"]
[PlyCount "76"]
[WhiteFideId "24606669"]
[BlackFideId "4640039"]
[EventCountry "GER"]
[EventRounds "11"]
[EventType "swiss"]
[EventDate "2006.06.03"]

1. e4 c5 2. Nf3 e6 3. d4 cxd4 4. Nxd4 a6 5. a3 Nf6 6. Bd3 Nc6 7. Be3 d5 8. exd5
Nxd5 9. Nxc6 bxc6 10. Bd2 Bb7 11. O-O Bd6 12. Qg4 Qf6 13. c3 Nf4 14. Bxf4 Bxf4
15. Qf3 Qh6 16. g3 Bc7 17. Be4 e5 18. Rd1 Rd8 19. Rxd8+ Bxd8 20. Qe2 O-O 21.
Nd2 Bc7 22. Nb3 Bb6 23. Rd1 Qe6 24. Nc1 a5 25. Rd2 Kh8 26. Qd3 f5 27. Bg2 f4
28. gxf4 Rxf4 29. Qg3 Rg4 30. Qf3 h6 31. Kf1 Ba6+ 32. Kg1 Qg6 33. Kh1 Bf1 34.
Qf8+ Kh7 35. f3 Bxg2+ 36. Rxg2 Rxg2 37. Ne2 Rg1+ 38. Nxg1 Qxg1# 0-1

[Event "DEM U12/U12w 2006"]
[Site "Willingen GER"]
[Date "2006.06.09"]
[Round "10"]
[White "Kühnel, Lena"]
[Black "Quaschner, Manuel"]
[Result "0-1"]
[Termination "normal"]
[Board "33"]
[WhiteElo "1243"]
[BlackElo "1394"]
[PlyCount "52"]
[WhiteFideId "24640956"]
[BlackFideId "24690139"]
[EventCountry "GER"]
[EventRounds "11"]
[EventType "swiss"]
[EventDate "2006.06.03"]

1. e4 c5 2. Nf3 e6 3. d4 cxd4 4. Nxd4 Nf6 5. Nc3 Bb4 6. e5 Nd5 7. Qg4 g5 8.
Bxg5 Rg8 9. Bxd8 Rxg4 10. f3 Rxd4 11. Bg5 Nxc3 12. Bd2 Nd5 13. c3 Rxd2 14. Kxd2
Be7 15. c4 Nb6 16. a4 d6 17. exd6 Bxd6 18. Bd3 Nc6 19. b3 h6 20. Rab1 Bd7 21.
g3 a5 22. Rhc1 Bb4+ 23. Ke2 Ke7 24. f4 Nd4+ 25. Kf1 Bc6 26. h3 Nf3 0-1

[Event "DEM U12/U12w 2006"]
[Site "Willingen GER"]
[Date "2006.06.09"]
[Round "10"]
[White "Barzen, Pascal"]
[Black "Düssler, Stefanie"]
[Result "0-1"]
[Termination "normal"]
[Board "34"]
[WhiteElo "1390"]
[BlackElo "1289"]
[PlyCount "58"]
[WhiteFideId "24653497"]
[BlackFideId "4634780"]
[EventCountry "GER"]
[EventRounds "11"]
[EventType "swiss"]
[EventDate "2006.06.03"]

1. d4 d5 2. c4 e6 3. Nc3 Nf6 4. cxd5 exd5 5. Bg5 Bb4 6. a3 Bxc3+ 7. bxc3 O-O 8.
Nf3 c6 9. e3 Bf5 10. Bd3 Bxd3 11. Qxd3 Nbd7 12. O-O Qa5 13. c4 Qa6 14. Rfc1 Ne4
15. Qb3 h6 16. Bf4 Ndf6 17. Rab1 b6 18. cxd5 cxd5 19. a4 Rac8 20. Qb5 Qxb5 21.
axb5 Nc3 22. Rb2 Ne2+ 23. Rxe2 Rxc1+ 24. Re1 Rxe1+ 25. Nxe1 Ne4 26. Kf1 Nc3 27.
Nd3 Nxb5 28. Nb4 Rd8 29. Nc6 Rd7 0-1

[Event "DEM U12/U12w 2006"]
[Site "Willingen GER"]
[Date "2006.06.09"]
[Round "10"]
[White "Schmitt, Katrin"]
[Black "Dauer, Maximilian"]
[Result "0-1"]
[Termination "normal"]
[Board "35"]
[WhiteElo "1380"]
[BlackElo "1260"]
[PlyCount "188"]
[WhiteFideId "24654400"]
[EventCountry "GER"]
[EventRounds "11"]
[EventType "swiss"]
[EventDate "2006.06.03"]

1. e4 e6 2. d4 d5 3. exd5 exd5 4. Nf3 Bd6 5. Bd3 Nf6 6. O-O O-O 7. Re1 Bg4 8.
c3 c6 9. Bg5 Nbd7 10. Nbd2 Qc7 11. Qc2 h6 12. Bh4 Rae8 13. Bg3 Bxg3 14. hxg3 b6
15. Qb3 c5 16. dxc5 Nxc5 17. Qc2 Qd6 18. Nd4 Nxd3 19. Qxd3 Bh5 20. N2f3 Bg6 21.
Qb5 Qc5 22. Qb3 Ne4 23. Rad1 Re7 24. Re2 Rfe8 25. Rde1 Kf8 26. Kf1 a6 27. Re3
Nxg3+ 28. Kg1 Rxe3 29. fxe3 b5 30. Qd1 Qc4 31. a3 Qd3 32. Qxd3 Bxd3 33. Nc6 Bc4
34. Nfd4 Ne4 35. Nb4 Nc5 36. g3 a5 37. Nbc6 Nd3 38. Rd1 a4 39. Na7 Rxe3 40. Kg2
Re1 41. Rd2 Rb1 42. Naxb5 Bxb5 43. Nxb5 Rxb2 44. Rxb2 Nxb2 45. Nc7 Nc4 46. Nxd5
Nxa3 47. Nb6 Ke7 48. Nxa4 Kd6 49. Kf3 Nc4 50. Ke4 Nd2+ 51. Kd4 Nf1 52. g4 Nh2
53. Nc5 Nxg4 54. Ne4+ Ke6 55. c4 h5 56. Ng3 h4 57. Nh5 g6 58. Nf4+ Kf5 59. Nh3
Ne5 60. c5 f6 61. Ke3 g5 62. Kf2 Nd3+ 63. Ke3 Nxc5 64. Kf2 Ne4+ 65. Kg2 g4 66.
Ng1 h3+ 67. Kh2 Kf4 68. Ne2+ Kf3 69. Ng1+ Kf2 70. Nxh3+ gxh3 71. Kxh3 f5 72.
Kh4 f4 73. Kg4 f3 74. Kh3 Kg1 75. Kg4 f2 76. Kf3 f1=Q+ 77. Kxe4 Qf2 78. Ke5 Qf3
79. Kd4 Qe2 80. Kc3 Qd1 81. Kc4 Qd2 82. Kc5 Qd3 83. Kc6 Qd4 84. Kb5 Qc3 85. Kb6
Qc4 86. Kb7 Qc5 87. Ka6 Qb4 88. Ka7 Qb5 89. Ka8 Kf2 90. Ka7 Ke3 91. Ka8 Kd4 92.
Ka7 Kc5 93. Ka8 Kc6 94. Ka7 Qb7# 0-1

[Event "DEM U12/U12w 2006"]
[Site "Willingen GER"]
[Date "2006.06.09"]
[Round "10"]
[White "Grzeca, Pascal"]
[Black "Chernova, Margarita"]
[Result "1/2-1/2"]
[Termination "normal"]
[Board "36"]
[WhiteElo "1359"]
[BlackElo "1248"]
[PlyCount "105"]
[WhiteFideId "24600741"]
[EventCountry "GER"]
[EventRounds "11"]
[EventType "swiss"]
[EventDate "2006.06.03"]

1. e4 e5 2. Nc3 Nc6 3. f4 exf4 4. Nf3 d6 5. d4 Bg4 6. Be2 Bxf3 7. Bxf3 Qh4+ 8.
Kf1 O-O-O 9. Bg4+ Kb8 10. Bxf4 Qf6 11. Nd5 Qxd4 12. Qxd4 Nxd4 13. c3 Ne6 14.
Kf2 Nxf4 15. Nxf4 Nf6 16. Bf3 g5 17. Nd5 Bg7 18. h3 Rhe8 19. Rhe1 c6 20. Nxf6
Bxf6 21. Rad1 Kc7 22. Kg3 Be5+ 23. Kg4 Rg8 24. Kh5 Rde8 25. Bg4 Re7 26. Rd3 Bg7
27. Rf3 d5 28. Bf5 dxe4 29. Rxe4 Rxe4 30. Bxe4 f6 31. Bxh7 Re8 32. Kg6 Re7 33.
Bg8 Kd6 34. b4 b5 35. Rd3+ Kc7 36. Rf3 a6 37. h4 gxh4 38. Bf7 Bh8 39. Rh3 f5
40. Bb3 Rg7+ 41. Kxf5 Rxg2 42. Rxh4 Bxc3 43. Ke4 Rd2 44. Ke3 Rd7 45. Rg4 Kb6
46. Rh4 Rd2 47. Rg4 a5 48. bxa5+ Kxa5 49. a4 Rb2 50. Bd1 Ra2 51. axb5 cxb5 52.
Kd3 Bd2 53. Rg2 1/2-1/2

[Event "DEM U12/U12w 2006"]
[Site "Willingen GER"]
[Date "2006.06.09"]
[Round "10"]
[White "Veit, Björn"]
[Black "Warmer, Marina"]
[Result "0-1"]
[Termination "normal"]
[Board "37"]
[WhiteElo "1500"]
[BlackElo "1036"]
[PlyCount "48"]
[WhiteFideId "24600717"]
[BlackFideId "12909840"]
[EventCountry "GER"]
[EventRounds "11"]
[EventType "swiss"]
[EventDate "2006.06.03"]

1. e4 e6 2. d4 d5 3. e5 c5 4. c3 Nc6 5. Nf3 Qb6 6. a3 a5 7. Bd3 f6 8. exf6 Nxf6
9. O-O Bd6 10. Bg5 O-O 11. Qd2 Bd7 12. Rd1 Rae8 13. Qc2 h6 14. Be3 e5 15. dxe5
Nxe5 16. Nxe5 Bxe5 17. b4 axb4 18. axb4 Bd6 19. h3 Ra8 20. Rxa8 Rxa8 21. Qb2
Ba4 22. Re1 Re8 23. Qd2 d4 24. cxd4 cxd4 0-1

[Event "DEM U12/U12w 2006"]
[Site "Willingen GER"]
[Date "2006.06.09"]
[Round "10"]
[White "Matschewsky, Justus"]
[Black "Luther, Alexander"]
[Result "1-0"]
[Termination "normal"]
[Board "38"]
[WhiteElo "1449"]
[BlackElo "1248"]
[PlyCount "91"]
[WhiteFideId "24678708"]
[BlackFideId "24682616"]
[EventCountry "GER"]
[EventRounds "11"]
[EventType "swiss"]
[EventDate "2006.06.03"]

1. e4 e5 2. Nf3 Nf6 3. Nxe5 d6 4. Nf3 Nxe4 5. d4 d5 6. Bd3 Bf5 7. O-O Be7 8.
Re1 Nd7 9. c4 c6 10. cxd5 cxd5 11. Nc3 Nxc3 12. bxc3 Bxd3 13. Qxd3 O-O 14. Bf4
a6 15. Re2 b5 16. Rae1 Bf6 17. Bd6 Nb6 18. Bxf8 Qxf8 19. Ne5 Nc4 20. Nxc4 bxc4
21. Qe3 Qa3 22. Qe8+ Rxe8 23. Rxe8+ Qf8 24. Rxf8+ Kxf8 25. Rb1 Bd8 26. Re1 f6
27. Re6 a5 28. Rd6 Ke7 29. Rxd5 Bb6 30. Rb5 Bc7 31. Rc5 Kd6 32. Rxc4 Kd5 33.
Rxc7 g5 34. Rc5+ Kd6 35. Rxa5 h5 36. a4 Ke6 37. c4 Kd6 38. Ra6+ Kc7 39. c5 Kd7
40. d5 Kd8 41. d6 Kd7 42. Rb6 Kd8 43. Rb7 Kc8 44. c6 h4 45. a5 f5 46. a6 1-0

[Event "DEM U12/U12w 2006"]
[Site "Willingen GER"]
[Date "2006.06.09"]
[Round "10"]
[White "von Schwerin, Clemens"]
[Black "Dittmann, Jan"]
[Result "1-0"]
[Termination "normal"]
[Board "39"]
[WhiteElo "1423"]
[BlackElo "1201"]
[PlyCount "91"]
[WhiteFideId "4613228"]
[EventCountry "GER"]
[EventRounds "11"]
[EventType "swiss"]
[EventDate "2006.06.03"]

1. d4 d5 2. c4 c6 3. Nc3 Nf6 4. Bg5 e6 5. e3 Be7 6. Nf3 O-O 7. Rc1 Nbd7 8. Bd3
Re8 9. O-O dxc4 10. Bxc4 Nb6 11. Bb3 Nfd5 12. Bxe7 Qxe7 13. e4 Nxc3 14. Rxc3
Nd7 15. e5 c5 16. Re1 cxd4 17. Nxd4 a6 18. Qd3 Nc5 19. Qf3 Nxb3 20. Nxb3 Rb8
21. Nd4 Bd7 22. Rec1 Bc6 23. Nxc6 bxc6 24. Qxc6 Rxb2 25. Qxa6 Qb4 26. Rc8 Qe7
27. Rxe8+ Qxe8 28. Qc8 Kf8 29. Qxe8+ Kxe8 30. Ra1 Kd7 31. f4 f6 32. a4 Rb6 33.
Kf2 fxe5 34. fxe5 Ra6 35. Ke3 Kc6 36. a5 Kb5 37. Kd4 Ra7 38. Rb1+ Kc6 39. Rb6+
Kd7 40. a6 g5 41. Rb7+ Rxb7 42. axb7 Kc7 43. Kc5 Kxb7 44. Kd6 h5 45. Kxe6 h4
46. h3 1-0

[Event "DEM U12/U12w 2006"]
[Site "Willingen GER"]
[Date "2006.06.09"]
[Round "10"]
[White "Krtschil, Anna"]
[Black "Lang, Sascha"]
[Result "0-1"]
[Termination "normal"]
[Board "40"]
[WhiteElo "1077"]
[BlackElo "1400"]
[PlyCount "104"]
[WhiteFideId "4611144"]
[EventCountry "GER"]
[EventRounds "11"]
[EventType "swiss"]
[EventDate "2006.06.03"]

1. e4 c5 2. Nc3 e6 3. f4 Nc6 4. Nf3 d5 5. e5 a6 6. d4 Nh6 7. Be3 Nf5 8. Qd2 Qa5
9. g4 Nxe3 10. Qxe3 cxd4 11. Nxd4 Nxd4 12. Qxd4 Bc5 13. Qd2 Qb6 14. Na4 Qb4 15.
Nxc5 Qxc5 16. O-O-O Bd7 17. b3 a5 18. Qd4 Rc8 19. Qxc5 Rxc5 20. Bd3 Ke7 21. h4
h6 22. Kb2 b5 23. Rhf1 f5 24. exf6+ gxf6 25. Rde1 Kd6 26. c3 Rg8 27. Rg1 e5 28.
fxe5+ fxe5 29. Bf5 Bxf5 30. gxf5 Rxg1 31. Rxg1 Rc6 32. f6 Ke6 33. Rf1 Rc7 34.
Rg1 Kxf6 35. Rg8 e4 36. Rd8 Ke6 37. Kc2 b4 38. Rh8 Rxc3+ 39. Kd2 Kf5 40. Rxh6
Kg4 41. Ra6 Kxh4 42. Rxa5 d4 43. Rb5 e3+ 44. Ke2 Rc2+ 45. Kd3 Rxa2 46. Ke4 e2
47. Kf4 e1=Q 48. Kf5 Rf2+ 49. Kg6 Qg1+ 50. Kh6 Rf6+ 51. Kh7 Qg6+ 52. Kh8 Rf8#
0-1

[Event "DEM U12/U12w 2006"]
[Site "Willingen GER"]
[Date "2006.06.09"]
[Round "10"]
[White "Vetter, Henrike"]
[Black "Böhme, Lasse"]
[Result "1/2-1/2"]
[Termination "normal"]
[Board "41"]
[WhiteElo "836"]
[BlackElo "1378"]
[PlyCount "79"]
[BlackFideId "1270626"]
[EventCountry "GER"]
[EventRounds "11"]
[EventType "swiss"]
[EventDate "2006.06.03"]

1. e4 e5 2. Nf3 Nf6 3. Nc3 Nc6 4. Bb5 d6 5. d3 Be7 6. Be3 O-O 7. h3 a6 8. Ba4
Be6 9. Bxc6 bxc6 10. d4 Rb8 11. b3 exd4 12. Nxd4 Qd7 13. O-O c5 14. Nde2 c6 15.
Na4 Nxe4 16. Qd3 Nf6 17. Qxa6 Ra8 18. Qd3 Bf5 19. Qd2 Rab8 20. c4 Ne4 21. Qd1
Rfd8 22. Re1 h6 23. a3 Qb7 24. Rb1 Be6 25. Qc2 Nf6 26. b4 cxb4 27. axb4 Qa6 28.
c5 dxc5 29. bxc5 Rxb1 30. Rxb1 Bf5 31. Qxf5 Qxa4 32. Qf3 Rd1+ 33. Rxd1 Qxd1+
34. Kh2 Qd5 35. Qg3 Kh7 36. Nf4 Qc4 37. Qf3 Qb5 38. Nh5 Qb7 39. Nxf6+ Bxf6 40.
g4 1/2-1/2

[Event "DEM U12/U12w 2006"]
[Site "Willingen GER"]
[Date "2006.06.09"]
[Round "10"]
[White "Rozenfeld, Elisabeth"]
[Black "Bohrmann, Sandra"]
[Result "1-0"]
[Termination "normal"]
[Board "42"]
[WhiteElo "1271"]
[BlackElo "1110"]
[PlyCount "79"]
[WhiteFideId "4624742"]
[BlackFideId "12905437"]
[EventCountry "GER"]
[EventRounds "11"]
[EventType "swiss"]
[EventDate "2006.06.03"]

1. e4 e5 2. Nf3 Nc6 3. Bc4 Bc5 4. c3 Nf6 5. Qc2 O-O 6. d3 d6 7. Be3 Bb6 8. d4
exd4 9. cxd4 Re8 10. Nc3 Ba5 11. Bg5 Bg4 12. Qb3 Bxf3 13. Bxf7+ Kf8 14. Bxe8
Kxe8 15. Bxf6 gxf6 16. Qg8+ Kd7 17. Qxh7+ Ke8 18. Qg8+ Kd7 19. Qxd8+ Rxd8 20.
gxf3 Nxd4 21. Rc1 Nxf3+ 22. Ke2 Ng5 23. Ke3 Bxc3 24. Rxc3 Re8 25. f3 d5 26. h4
Nf7 27. h5 dxe4 28. fxe4 f5 29. Rd1+ Kc8 30. Rc4 Ng5 31. Kf4 Nxe4 32. Kxf5 Ng3+
33. Kg4 Rg8+ 34. Kh3 Nxh5 35. Rg4 Rh8 36. Rh4 c6 37. Kg4 Nf6+ 38. Kg5 Nh7+ 39.
Kf5 Kc7 40. Rdh1 1-0

[Event "DEM U12/U12w 2006"]
[Site "Willingen GER"]
[Date "2006.06.09"]
[Round "10"]
[White "Pohl, Theresa"]
[Black "Hümmecke, Miriam"]
[Result "1-0"]
[Termination "normal"]
[Board "43"]
[WhiteElo "1225"]
[BlackElo "1295"]
[PlyCount "63"]
[EventCountry "GER"]
[EventRounds "11"]
[EventType "swiss"]
[EventDate "2006.06.03"]

1. d4 d5 2. Nf3 Nf6 3. e3 c5 4. c3 e6 5. Bd3 Bd6 6. Nbd2 Nc6 7. O-O O-O 8. Re1
b6 9. dxc5 bxc5 10. e4 Nxe4 11. Nxe4 dxe4 12. Bxe4 Bb7 13. Bxh7+ Kh8 14. Bc2
Qc7 15. Re4 Kg8 16. Rh4 f5 17. Ng5 Rf6 18. Qe2 Re8 19. Qh5 Kf8 20. Qh8+ Ke7 21.
Qxg7+ Kd8 22. Qxf6+ Qe7 23. Nxe6+ Kc8 24. Qxe7 Rxe7 25. Rh8+ Kd7 26. Bxf5 Rxe6
27. Rh7+ Be7 28. Bf4 Ke8 29. Bxe6 Kd8 30. Rd1+ Ke8 31. Bf7+ Kf8 32. Bh6# 1-0

[Event "DEM U12/U12w 2006"]
[Site "Willingen GER"]
[Date "2006.06.09"]
[Round "10"]
[White "Kneip, Jakob"]
[Black "Martens, Julian"]
[Result "1/2-1/2"]
[Termination "normal"]
[Board "44"]
[WhiteElo "1204"]
[BlackElo "1067"]
[PlyCount "55"]
[WhiteFideId "12912859"]
[BlackFideId "24652890"]
[EventCountry "GER"]
[EventRounds "11"]
[EventType "swiss"]
[EventDate "2006.06.03"]

1. e4 e5 2. Nf3 Nc6 3. Bb5 a6 4. Ba4 Nf6 5. d3 b5 6. Bb3 Be7 7. O-O O-O 8. Nc3
d6 9. Bg5 Bg4 10. h3 Bh5 11. Bxf6 Bxf6 12. Nd5 Nd4 13. g4 Bg6 14. Nxd4 exd4 15.
f4 h6 16. f5 Bh7 17. Nxf6+ Qxf6 18. Qd2 Qh4 19. Kg2 Rfe8 20. Qf2 Qxf2+ 21. Rxf2
c6 22. Re1 Re5 23. Rfe2 Rae8 24. Kf3 a5 25. a3 a4 26. Ba2 Kf8 27. Kf4 f6 28.
Kf3 1/2-1/2

[Event "DEM U12/U12w 2006"]
[Site "Willingen GER"]
[Date "2006.06.09"]
[Round "10"]
[White "Günther, Elisabeth"]
[Black "Rogasch, Miriam"]
[Result "1/2-1/2"]
[Termination "normal"]
[Board "45"]
[WhiteElo "969"]
[BlackElo "1085"]
[PlyCount "50"]
[BlackFideId "4616324"]
[EventCountry "GER"]
[EventRounds "11"]
[EventType "swiss"]
[EventDate "2006.06.03"]

1. e4 e5 2. Nf3 Nc6 3. Nc3 Nf6 4. Bb5 Bb4 5. d3 Nd4 6. Bc4 d6 7. h3 b5 8. Bb3
O-O 9. O-O Bxc3 10. bxc3 Nxb3 11. axb3 Bb7 12. Bg5 Re8 13. Re1 h6 14. Bxf6 Qxf6
15. Qd2 d5 16. c4 bxc4 17. bxc4 dxc4 18. dxc4 Red8 19. Qa5 Qf4 20. Qxe5 Qxe5
21. Nxe5 Re8 22. Nd7 Bxe4 23. Nc5 Bc6 24. Rxe8+ Bxe8 25. Na6 Rc8 1/2-1/2

[Event "DEM U12/U12w 2006"]
[Site "Willingen GER"]
[Date "2006.06.09"]
[Round "10"]
[White "Stoevesand, Eric"]
[Black "Weißenburg, Isabel"]
[Result "1/2-1/2"]
[Termination "normal"]
[Board "47"]
[WhiteElo "1244"]
[BlackElo "1255"]
[PlyCount "53"]
[WhiteFideId "24651117"]
[BlackFideId "4612922"]
[EventCountry "GER"]
[EventRounds "11"]
[EventType "swiss"]
[EventDate "2006.06.03"]

1. e4 c5 2. Nf3 d6 3. d4 cxd4 4. Nxd4 Nf6 5. Nc3 a6 6. f3 e5 7. Nb3 Be6 8. Be3
Be7 9. Qd2 O-O 10. O-O-O b5 11. g4 Qc7 12. h4 Rc8 13. Bd3 Nbd7 14. h5 Bxb3 15.
axb3 Nc5 16. g5 b4 17. gxf6 bxc3 18. Qxc3 Bxf6 19. Bc4 a5 20. Rhg1 a4 21. b4
Nxe4 22. fxe4 Qxc4 23. Qxc4 Rxc4 24. Rdf1 Rxe4 25. Bh6 Kh8 26. Rxf6 gxf6 27.
Bg7+ 1/2-1/2

[Event "DEM U12/U12w 2006"]
[Site "Willingen GER"]
[Date "2006.06.09"]
[Round "10"]
[White "Alt, Elisabeth"]
[Black "Seel, Eric"]
[Result "1/2-1/2"]
[Termination "normal"]
[Board "48"]
[WhiteElo "782"]
[BlackElo "897"]
[PlyCount "20"]
[WhiteFideId "24692620"]
[EventCountry "GER"]
[EventRounds "11"]
[EventType "swiss"]
[EventDate "2006.06.03"]

1. e4 c5 2. Nf3 Nc6 3. Nc3 Nf6 4. Bc4 g6 5. d4 cxd4 6. Nxd4 d6 7. O-O Bg7 8.
Nxc6 bxc6 9. Bf4 O-O 10. h3 Bb7 1/2-1/2